| 000 | 004700000a22001570004500 | ||
|---|---|---|---|
| 090 |
_aAR _b04531 |
||
| 100 | 1 |
_aPejchar, Liba _998511 |
|
| 700 | 1 |
_aMooney, Harold A. _987 |
|
| 245 | 1 | 0 | _aInvasive species, ecosystem services and human well-being |
| 041 | 0 | _aInglés | |
| 650 | 1 | 4 |
_aEspecies invasoras _9308 |
| 650 | 1 | 4 |
_aServicios ecológicos _919909 |
| 650 | 1 | 4 |
_aEcosistemas _992256 |
| 942 | _cARTICULO | ||
| 773 | 1 |
_tTrends in Ecology and Evolution _h9 _q497-504 _d2009 _g24 |
|
| 999 |
_c13631 _d13631 |
||